000
00325nam a2200145Ia 4500
003
OSt
008
191201s2003 xx 000 0 und d
082
_a
658.3
_b
SAH
100
_a
SAIYADAIN, Mirza S
245
0
_a
Human Resource Management
260
_a
New Delhi
_b
TMH
_c
2003
300
_a
792
650
_a
MBA
942
_2
ddc
_c
BK
999
_c
215
_d
215